| 000 | 00913nam a22002417a 4500 | ||
|---|---|---|---|
| 999 |
_c10490 _d10490 |
||
| 003 | AR-CdUCM | ||
| 008 | 190401b ||||| |||| 00| 0 spa d | ||
| 040 |
_aMUNICIPALIDAD PROVINCIAL DEL CUSCO _cBIBLIOTECA MUNICIPAL DEL CUSCO |
||
| 041 | _hfr | ||
| 082 |
_aEP / 800 / _bV52 |
||
| 100 |
_aVerne. Julio _910153 |
||
| 245 | _aEl changellor / | ||
| 260 |
_aBarcelona : _bEditorial Molino, _c1958. |
||
| 300 |
_a157 páginas ; _bIlustraciones, _c19 cm. |
||
| 440 |
_aColección Molino _926559 |
||
| 505 | _aContenido: Salida de Charleston -- Algunos personajes de Chancellor -- Acta de las mercancias cargadas en el Chancellor -- Algunos detalles sobre los pasajeros , el capitan y su segundo... | ||
| 650 |
_aLiteratura universal _9611 |
||
| 650 |
_aLiteratura escolar _926679 |
||
| 650 |
_aAventuras de Verne _927365 |
||
| 700 |
_aVallve, Manuel (traducción) _927381 |
||
| 942 |
_2ddc _cLIBROS |
||
| 945 | _adavv | ||